Kỷ yếu hội thảo quốc tế : Vùng đệm các khu bảo tồn thiên nhiên Việt Nam /
Bewaard in:
| Coauteurs: | , , |
|---|---|
| Formaat: | Sách giấy |
| Taal: | Vietnamese |
| Gepubliceerd in: |
H. :
Nông nghiệp,
2002
|
| Tags: |
Voeg label toe
Geen labels, Wees de eerste die dit record labelt!
|
| Thư viện lưu trữ: | Thư viện Trường Đại học Đà Lạt |
|---|
| LEADER | 00912nam a2200301 4500 | ||
|---|---|---|---|
| 001 | DLU040028052 | ||
| 005 | ##20040531 | ||
| 040 | # | # | |a DLU |b vie |
| 041 | # | # | |a vie |
| 044 | # | # | |a vn |
| 082 | # | # | |a 333.72 |b ALA |
| 110 | # | # | |a Dự án ALA/VIE/94/24 |
| 245 | # | # | |a Kỷ yếu hội thảo quốc tế : |b Vùng đệm các khu bảo tồn thiên nhiên Việt Nam / |c Dự án ALA/VIE/94/24, Chương trình nghiên cứu Việt Nam - Hà Lan, Trường Đại học Vinh Nghệ An |
| 260 | # | # | |a H. : |b Nông nghiệp, |c 2002 |
| 300 | # | # | |a 268 tr. ; |c 28 cm |
| 710 | # | # | |a Chương trình nghiên cứu Việt Nam - Hà Lan |
| 710 | # | # | |a Trường Đại học Vinh Nghệ An |
| 923 | # | # | |a 10/2004 |
| 992 | # | # | |a 60000 |
| 994 | # | # | |a DLU |
| 998 | # | # | |a KY |
| 900 | # | # | |a True |
| 911 | # | # | |a Đào Thị Thu Huyền |
| 925 | # | # | |a G |
| 926 | # | # | |a A |
| 927 | # | # | |a SH |
| 980 | # | # | |a Thư viện Trường Đại học Đà Lạt |